Estatísticas para Cultura geral

Clique aqui para jogar o quiz

Estatísticas Gerais

  • Esse quiz foi jogado 73 vezes
  • A pontuação média é 9 de 15

Estatísticas das Respostas

HintResposta% Correto
Que parte do corpo pode ser descrita como "olfativa"?Nariz
98%
Que cidade foi dividida por um muro até 1989?Berlim
96%
Que tipo de animal pode "relinchar"?Cavalo
93%
Que personagem da Disney pediu três desejos ao génio da lâmpada?Alladin
89%
Onde foram inventados o papel, a imprensa, a bússola e a pólvora?China
73%
Que substância semelhante a papel foi inventada pelos antigos egípcios?Papiro
63%
O que significa a palavra francesa "musée" em português?Museu
61%
Qual serviço de internet introduziu as #hashtags?Twitter
61%
Qual é o contrário de transparente?Opaco
59%
O que significa a palavra bambino em italiano?Criança
55%
Qual país do continente africano está geograficamente mais próximo da América do Norte?Marrocos
54%
Qual país sofreu mais mortes no tsunami de 2004?Indonésia
48%
Quem era o marido da princesa Diana?Carlos
39%
Que videogame extremamente popular foi inventado em 1984 na Rússia?Tetris
23%
O logotipo de qual empresa automobilística consiste em três diamantes vermelhos que formam a forma de um triângulo?Mitsubishi
21%

Distribuição das Pontuações

Percentil de Números Respondidos

Porcentagem de Pessoas com Cada Pontuação

Sua Pontuação Histórica

Você não jogou esse quiz